[Event "Xtracon Chess Open 2016"]
[Site "Elsinore"]
[Date "2016.07.29"]
[Round "8.187"]
[White "Birkestrand, Odd H"]
[Black "Edwardsson, Hannu Kalervo"]
[Result "0-1"]
[WhiteElo "1676"]
[BlackElo "1451"]
[PlyCount "84"]
[EventDate "2016.07.23"]

1. e4 e5 2. Nf3 d6 3. Bc4 Be6 4. Bxe6 fxe6 5. d3 Nf6 6. Nc3 Be7 7. Bd2 O-O 8.
Ne2 c5 9. Ng3 Nc6 10. c3 Kh8 11. h4 d5 12. Qe2 d4 13. c4 a6 14. Ng5 Qd7 15. h5
h6 16. Nf3 b5 17. b3 bxc4 18. bxc4 Rab8 19. O-O Rb2 20. Rfb1 Rfb8 21. Qd1 Qb7
22. Rxb2 Qxb2 23. Nh4 Kh7 24. Nf3 a5 25. Ne1 Ng4 26. Nc2 Nf6 27. Bc1 Qb7 28.
Na3 Qc8 29. Nb5 Qe8 30. a3 Qd7 31. Nf1 Qe8 32. g4 g6 33. Ng3 gxh5 34. gxh5 Qg8
35. Kf1 Ng4 36. Ra2 Rf8 37. Kg2 Bh4 38. Re2 Bxg3 39. fxg3 Qf7 40. Re1 Qf2+ 41.
Kh3 Qh2+ 42. Kxg4 Rg8+ 0-1

[Event "Xtracon Chess Open 2016"]
[Site "Elsinore"]
[Date "2016.07.29"]
[Round "8.188"]
[White "Kreken, Eivind Grunt"]
[Black "Rasmussen, Bjarne Berring"]
[Result "0-1"]
[WhiteElo "1245"]
[BlackElo "1634"]
[PlyCount "140"]
[EventDate "2016.07.23"]

1. e4 c6 2. d4 d5 3. Nc3 dxe4 4. Nxe4 Bf5 5. Ng3 Bg6 6. h4 h6 7. Nf3 Nf6 8. Ne5
Bh7 9. Bc4 e6 10. Be3 Nbd7 11. f4 Nb6 12. Bd3 Nbd5 13. Bxh7 Nxe3 14. Qd2 Nxg2+
15. Qxg2 Rxh7 16. O-O-O Qd5 17. Qxd5 Nxd5 18. c4 Nf6 19. f5 exf5 20. Nxf5 g6
21. Ng3 O-O-O 22. Rhf1 Be7 23. Kc2 Rf8 24. Rde1 Ng8 25. d5 Bb4 26. Rd1 Bd6 27.
Rfe1 Bxe5 28. Rxe5 f6 29. Re6 Re7 30. Rde1 Rfe8 31. Kd3 Rxe6 32. dxe6 Ne7 33.
Ne4 Rd8+ 34. Kc3 f5 35. Nc5 Rd6 36. Nd3 b6 37. b4 b5 38. cxb5 cxb5 39. Nf4 Kd8
40. Rg1 Rc6+ 41. Kb3 Kc8 42. a3 Kb7 43. Rd1 Rc8 44. Rd7+ Rc7 45. Rxc7+ Kxc7 46.
Nh3 Kd6 47. Kc3 Kxe6 48. Kd4 Kd6 49. Nf4 g5 50. hxg5 hxg5 51. Nh3 g4 52. Nf4
Nc6+ 53. Ke3 Ne5 54. Ng2 Ng6 55. Nf4 Nxf4 56. Kxf4 Ke6 57. Ke3 Ke5 58. Ke2 Ke4
59. Kf2 f4 60. Kg2 Ke3 61. Kg1 Ke2 62. a4 bxa4 63. b5 f3 64. b6 axb6 65. Kh1 f2
66. Kh2 f1=Q 67. Kg3 Qf3+ 68. Kh2 g3+ 69. Kg1 Qf2+ 70. Kh1 Qh2# 0-1

[Event "Xtracon Chess Open 2016"]
[Site "Elsinore"]
[Date "2016.07.29"]
[Round "8.189"]
[White "Nesse, David"]
[Black "Hestholm, Sverre"]
[Result "1-0"]
[WhiteElo "1604"]
[BlackElo "1418"]
[PlyCount "49"]
[EventDate "2016.07.23"]

1. e4 e5 2. Nf3 Nf6 3. Nxe5 d6 4. Nf3 Nxe4 5. Nc3 Nxc3 6. dxc3 Be7 7. Bd3 Nc6
8. O-O Be6 9. Re1 h6 10. Bf4 Qd7 11. Bb5 Bg4 12. Qe2 a6 13. Bxc6 bxc6 14. Rad1
Bxf3 15. Qxf3 O-O 16. Re5 Bf6 17. Rc5 Rab8 18. b3 Rb6 19. Bxh6 Re8 20. Rf5 Bxc3
21. Qxc3 gxh6 22. Rf3 Re6 23. Qc4 Qe7 24. Rg3+ Rg6 25. Rxg6+ 1-0

[Event "Xtracon Chess Open 2016"]
[Site "Elsinore"]
[Date "2016.07.29"]
[Round "8.190"]
[White "Glaschak, Joachim"]
[Black "Svane, Freja"]
[Result "0-1"]
[WhiteElo "1570"]
[BlackElo "1302"]
[PlyCount "70"]
[EventDate "2016.07.23"]

1. d4 d5 2. Bf4 Nf6 3. e3 Nc6 4. c4 Bf5 5. Nf3 Nb4 6. Qa4+ Nc6 7. Ne5 Bd7 8.
Nxd7 Qxd7 9. Nc3 e6 10. Bd3 Bd6 11. Bxd6 Qxd6 12. c5 Qd7 13. b4 O-O 14. b5 Ne7
15. Qc2 Ng6 16. a4 Qe7 17. O-O Ng4 18. h3 Nh6 19. Ne2 Qg5 20. Bxg6 Qxg6 21.
Qxg6 hxg6 22. f4 Nf5 23. Kf2 Ne7 24. h4 c6 25. g4 f6 26. Rh1 g5 27. hxg5 fxg5
28. Kg3 gxf4+ 29. Nxf4 Rf6 30. Nh5 Rg6 31. Raf1 Nf5+ 32. Kf4 Rf8 33. Ke5 Rxg4
34. Kxe6 Re4+ 35. Kd7 Re7# 0-1

[Event "Xtracon Chess Open 2016"]
[Site "Elsinore"]
[Date "2016.07.29"]
[Round "8.192"]
[White "Amarapala, Anton"]
[Black "Cithu, Arjun Vijay"]
[Result "1-0"]
[WhiteElo "1487"]
[BlackElo "1330"]
[PlyCount "47"]
[EventDate "2016.07.23"]

1. d4 d5 2. e3 e6 3. Bd3 Nf6 4. f4 c5 5. c3 Nc6 6. Nf3 Be7 7. O-O O-O 8. Ne5
Nxe5 9. fxe5 Nd7 10. Qh5 g6 11. Qf3 Bg5 12. Bd2 Qb6 13. b3 Qc6 14. Na3 a6 15.
Qg4 Bh6 16. Rf2 Bg7 17. Raf1 Nb6 18. Rf3 Bd7 19. Qh4 h6 20. e4 Kh7 21. Rxf7
Rxf7 22. Rxf7 Rf8 23. Qxh6+ Kg8 24. Qxg7# 1-0

[Event "Xtracon Chess Open 2016"]
[Site "Elsinore"]
[Date "2016.07.29"]
[Round "8.194"]
[White "Amarapala, Sheroni"]
[Black "Thybo, Jan"]
[Result "1-0"]
[WhiteElo "1330"]
[BlackElo "1382"]
[PlyCount "53"]
[EventDate "2016.07.23"]

1. e4 g6 2. d4 d6 3. Nc3 Bg7 4. h3 e5 5. d5 Nf6 6. Nf3 c6 7. Bg5 O-O 8. Bc4 Qb6
9. Qc1 Nh5 10. Ne2 Qb4+ 11. Nd2 c5 12. c3 Qb6 13. O-O a6 14. Nf3 Qc7 15. a4 Bd7
16. Ng3 Nxg3 17. fxg3 f6 18. Bh6 Be8 19. Nh4 g5 20. Nf5 Bxh6 21. Nxh6+ Kh8 22.
h4 Qg7 23. hxg5 fxg5 24. Rxf8+ Qxf8 25. Qxg5 Bg6 26. Rf1 Qe8 27. Qf6# 1-0

[Event "Xtracon Chess Open 2016"]
[Site "Elsinore"]
[Date "2016.07.29"]
[Round "8.195"]
[White "Hestholm, Freddy"]
[Black "Nielsen, Bent K"]
[Result "1-0"]
[WhiteElo "1281"]
[BlackElo "1349"]
[PlyCount "55"]
[EventDate "2016.07.23"]

1. e4 c5 2. d4 cxd4 3. c3 Nf6 4. Bd3 Nc6 5. Nf3 dxc3 6. Nxc3 e6 7. O-O a6 8. e5
Nd5 9. Ne4 Be7 10. Nd6+ Bxd6 11. exd6 h6 12. Qe2 Qf6 13. a3 Nf4 14. Qe4 Nxd3
15. Qxd3 b5 16. Bd2 Bb7 17. Bc3 Qg6 18. Qxg6 fxg6 19. Bxg7 Rh7 20. Be5 Nxe5 21.
Nxe5 g5 22. Rac1 Rc8 23. Rxc8+ Bxc8 24. Ng4 Kf7 25. Rc1 Bb7 26. Rc7 Bc6 27.
Ne5+ Ke8 28. Rc8# 1-0

[Event "Xtracon Chess Open 2016"]
[Site "Elsinore"]
[Date "2016.07.29"]
[Round "8.196"]
[White "Jacobsen, Harald Kittel Lytom"]
[Black "Opseth, Erik"]
[Result "0-1"]
[WhiteElo "1343"]
[BlackElo "1064"]
[PlyCount "52"]
[EventDate "2016.07.23"]

1. e4 e5 2. Nf3 Nc6 3. Bc4 d6 4. h3 Be7 5. d4 exd4 6. Nxd4 Nxd4 7. Qxd4 Nf6 8.
Bg5 c5 9. Qd1 Nxe4 10. Bxe7 Qc7 11. Bh4 O-O 12. Ba6 Qa5+ 13. Nd2 bxa6 14. c3
Bb7 15. Qg4 Nxd2 16. Bf6 g6 17. Qf4 Ne4 18. Bh4 Rfe8 19. O-O c4 20. f3 Nc5 21.
Bf6 Nd7 22. b4 Qb6+ 23. Bd4 Qb5 24. Qh6 Ne5 25. f4 Qd5 26. fxe5 Qxg2# 0-1

[Event "Xtracon Chess Open 2016"]
[Site "Elsinore"]
[Date "2016.07.29"]
[Round "8.197"]
[White "Eldor, Finn"]
[Black "Mansoor, Areeb"]
[Result "1-0"]
[WhiteElo "1428"]
[BlackElo "1020"]
[PlyCount "41"]
[EventDate "2016.07.23"]

1. d4 d5 2. c4 c6 3. Nf3 Nf6 4. Bg5 Nbd7 5. e3 e6 6. a3 h6 7. Bh4 Bd6 8. Bd3 g5
9. Bg3 Qc7 10. Bxd6 Qxd6 11. O-O h5 12. Nxg5 Ng4 13. g3 Rg8 14. Nf3 Ngf6 15.
Nc3 e5 16. e4 exd4 17. Nxd4 Nc5 18. Re1 Qd7 19. e5 Ng4 20. h3 Nh6 21. Qxh5 1-0

[Event "Xtracon Chess Open 2016"]
[Site "Elsinore"]
[Date "2016.07.30"]
[Round "9.1"]
[White "Naroditsky, Daniel"]
[Black "Amin, Bassem"]
[Result "1/2-1/2"]
[WhiteElo "2634"]
[BlackElo "2654"]
[PlyCount "69"]
[EventDate "2016.07.23"]

1. e4 e5 2. Nf3 Nc6 3. Bb5 a6 4. Ba4 Nf6 5. O-O Be7 6. Re1 b5 7. Bb3 d6 8. c3
O-O 9. h3 Nb8 10. d4 Nbd7 11. Nbd2 Bb7 12. Bc2 Re8 13. a4 Bf8 14. Bd3 c6 15.
Qc2 g6 16. b4 Nb6 17. axb5 cxb5 18. d5 Rc8 19. Nb3 Nbxd5 20. exd5 Nxd5 21. Be4
Nxb4 22. Qd2 d5 23. Bxg6 hxg6 24. cxb4 d4 25. Nc5 Bxc5 26. bxc5 Rxc5 27. Qh6
Bxf3 28. gxf3 Qf6 29. Bg5 Qxf3 30. Rxa6 Rc6 31. Rxc6 Qxc6 32. Qh4 Kg7 33. Qh6+
Kg8 34. Qh4 Kg7 35. Qh6+ 1/2-1/2

[Event "Xtracon Chess Open 2016"]
[Site "Elsinore"]
[Date "2016.07.30"]
[Round "9.2"]
[White "Burmakin, Vladimir"]
[Black "Shirov, Alexei"]
[Result "1/2-1/2"]
[WhiteElo "2549"]
[BlackElo "2674"]
[PlyCount "71"]
[EventDate "2016.07.23"]

1. Nf3 d5 2. g3 g6 3. Bg2 Bg7 4. d4 Nf6 5. O-O O-O 6. c4 c6 7. Qb3 Qb6 8. Nc3
Bf5 9. cxd5 Qxb3 10. axb3 cxd5 11. Bg5 e6 12. Ne5 Nfd7 13. e4 Bxe4 14. Nxe4
Nxe5 15. dxe5 dxe4 16. Bxe4 Nc6 17. f4 h6 18. Bf6 Rfc8 19. Rfd1 Rc7 20. Rd2 Nb4
21. Bd8 Rcc8 22. Be7 Nc6 23. Bf6 Bxf6 24. exf6 Rd8 25. Rxd8+ Rxd8 26. Bxc6 bxc6
27. Rxa7 Rb8 28. Rc7 Rxb3 29. Rxc6 Rxb2 30. Rc8+ Kh7 31. Rc7 g5 32. fxg5 hxg5
33. Rxf7+ Kg6 34. Rf8 Rb1+ 35. Kg2 Rb2+ 36. Kg1 1/2-1/2

[Event "Xtracon Chess Open 2016"]
[Site "Elsinore"]
[Date "2016.07.30"]
[Round "9.4"]
[White "Hammer, Jon Ludvig"]
[Black "Brunello, Sabino"]
[Result "1-0"]
[WhiteElo "2652"]
[BlackElo "2567"]
[PlyCount "39"]
[EventDate "2016.07.23"]

1. e4 c6 2. d4 d5 3. e5 Bf5 4. h4 h5 5. Bd3 Bxd3 6. Qxd3 e6 7. Bg5 Qb6 8. Nd2
c5 9. c4 Qxb2 10. Rd1 Qxd4 11. Qb3 Qxe5+ 12. Ne2 Nd7 13. Bf4 Qf5 14. Qxb7 Rd8
15. Bc7 d4 16. Ng3 Qg4 17. Bxd8 Kxd8 18. Qa8+ Ke7 19. Rb1 Ngf6 20. Rb7 1-0

[Event "Xtracon Chess Open 2016"]
[Site "Elsinore"]
[Date "2016.07.30"]
[Round "9.5"]
[White "Andersen, Mads"]
[Black "Vovk, Andriy"]
[Result "1/2-1/2"]
[WhiteElo "2525"]
[BlackElo "2637"]
[PlyCount "86"]
[EventDate "2016.07.23"]

1. e4 c5 2. Nf3 d6 3. Bb5+ Nd7 4. O-O a6 5. Bd3 Ngf6 6. Re1 g6 7. c3 Ne5 8. Be2
Nxf3+ 9. Bxf3 Bg7 10. d4 Nd7 11. Be3 O-O 12. Nd2 Rb8 13. a4 b5 14. axb5 axb5
15. b4 cxd4 16. cxd4 Nb6 17. Be2 Bd7 18. Bd3 Nc4 19. Nxc4 bxc4 20. Bxc4 Rxb4
21. Qd3 Qb6 22. Rab1 Rb8 23. Ba2 Qa7 24. Rxb4 Rxb4 25. Rb1 Ra4 26. Bb3 Ra1 27.
Rxa1 Qxa1+ 28. Qd1 Qc3 29. h3 Bb5 30. Bc2 Bc4 31. d5 h5 32. h4 Be5 33. Qd2 Qa1+
34. Qc1 Qa5 35. Qd1 Bf6 36. g3 Qa6 37. Kg2 Be2 38. Qd2 Qc4 39. f3 Bc3 40. Qc1
Bb2 41. Qd2 Bc3 42. Qc1 Qb4 43. Qb1 Qxb1 1/2-1/2

[Event "Xtracon Chess Open 2016"]
[Site "Elsinore"]
[Date "2016.07.30"]
[Round "9.6"]
[White "Bluebaum, Matthias"]
[Black "Rasmussen, Allan Stig"]
[Result "1-0"]
[WhiteElo "2618"]
[BlackElo "2504"]
[PlyCount "57"]
[EventDate "2016.07.23"]

1. d4 f5 2. Bg5 g6 3. Nc3 Bg7 4. e3 Nc6 5. Bc4 h6 6. Bh4 Nf6 7. Bb3 e6 8. Nge2
g5 9. Bg3 d6 10. f3 Qe7 11. a3 Bd7 12. Qd2 O-O-O 13. O-O-O Be8 14. e4 fxe4 15.
fxe4 d5 16. exd5 exd5 17. Rhe1 Qd7 18. Be5 Bf7 19. Rf1 Nxe5 20. dxe5 Ng4 21.
Qd4 Bxe5 22. Qxa7 c6 23. Na4 Qe7 24. Nd4 Be8 25. Nb6+ Kc7 26. Nb5+ cxb5 27.
Nxd5+ Rxd5 28. Bxd5 Kc8 29. Rfe1 1-0

[Event "Xtracon Chess Open 2016"]
[Site "Elsinore"]
[Date "2016.07.30"]
[Round "9.7"]
[White "Zuniga, Julio E Granda"]
[Black "Christiansen, Johan Sebastian"]
[Result "1-0"]
[WhiteElo "2699"]
[BlackElo "2411"]
[PlyCount "97"]
[EventDate "2016.07.23"]

1. Nf3 d5 2. g3 Bg4 3. Bg2 Nd7 4. d3 Ngf6 5. h3 Bxf3 6. exf3 e6 7. f4 Bd6 8.
Nd2 O-O 9. O-O c6 10. d4 Qb6 11. Nf3 Rfc8 12. Qe2 a5 13. a4 c5 14. c3 Qc7 15.
Re1 c4 16. Ne5 Rcb8 17. g4 Ra6 18. h4 b5 19. axb5 Rxb5 20. h5 a4 21. g5 Bxe5
22. fxe5 Ne8 23. g6 Nf8 24. gxh7+ Nxh7 25. b4 axb3 26. Rxa6 Qb7 27. Ra1 b2 28.
Bxb2 Rxb2 29. Qd1 Qe7 30. Rb1 Ra2 31. Qg4 Qa3 32. Re3 Kf8 33. Rf3 Ra1 34. Rxa1
Qxa1+ 35. Kh2 Qc1 36. Qxe6 Ng5 37. Qxd5 Nxf3+ 38. Qxf3 Qg5 39. Bf1 Qh4+ 40. Kg2
Qg5+ 41. Kh3 Qd8 42. Kg4 Qd7+ 43. Kg3 Qe6 44. Qb7 Qf5 45. Qb4+ Kg8 46. Qe7 Qc8
47. Be2 Qc6 48. Bf3 Qb5 49. d5 1-0

[Event "Xtracon Chess Open 2016"]
[Site "Elsinore"]
[Date "2016.07.30"]
[Round "9.8"]
[White "Maze, Sebastien"]
[Black "Goh, Wei Ming Kevin"]
[Result "1-0"]
[WhiteElo "2628"]
[BlackElo "2435"]
[PlyCount "109"]
[EventDate "2016.07.23"]

1. e4 e6 2. d4 d5 3. Nc3 Bb4 4. e5 c5 5. a3 Bxc3+ 6. bxc3 Ne7 7. h4 Nbc6 8. h5
Qa5 9. Bd2 cxd4 10. cxd4 Qa4 11. h6 Qxd4 12. Nf3 Qe4+ 13. Be2 Nxe5 14. Bc3 f6
15. hxg7 Rg8 16. Qd2 Rxg7 17. O-O-O N7c6 18. Nxe5 fxe5 19. Qh6 Re7 20. Bh5+ Kd7
21. Rhe1 Qf4+ 22. Qxf4 exf4 23. Bf6 Kd6 24. Bxe7+ Nxe7 25. c4 Bd7 26. cxd5 Nxd5
27. Bf3 Rc8+ 28. Kb2 Bc6 29. Rxe6+ Kxe6 30. Bg4+ Ke5 31. Bxc8 Nb6 32. Bh3 Nc4+
33. Kc3 Nxa3 34. Re1+ Kd6 35. Re6+ Kc5 36. Re5+ Kd6 37. Rh5 b5 38. Rxh7 a5 39.
Rh6+ Kc5 40. Rh5+ Kd6 41. Kd3 Bd5 42. Rh6+ Kc5 43. Rh5 Kd6 44. Bg4 Bxg2 45. Kd4
Nc2+ 46. Kc3 Na3 47. Kb3 Nc4 48. Rxb5 Ne5 49. Bf5 a4+ 50. Kc3 Bc6 51. Ra5 Be8
52. Be4 Ng4 53. f3 Ne5 54. Ra6+ Kd7 55. Kd4 1-0

[Event "Xtracon Chess Open 2016"]
[Site "Elsinore"]
[Date "2016.07.30"]
[Round "9.9"]
[White "Ochsner, Bjorn Moller"]
[Black "Agdestein, Simen"]
[Result "0-1"]
[WhiteElo "2417"]
[BlackElo "2603"]
[PlyCount "64"]
[EventDate "2016.07.23"]

1. e4 e6 2. d4 d5 3. Nc3 Nf6 4. e5 Nfd7 5. f4 c5 6. Nf3 Nc6 7. Be3 h6 8. Be2 g5
9. fxg5 cxd4 10. Nxd4 Ndxe5 11. Bh5 hxg5 12. Nxc6 bxc6 13. Bd4 g4 14. Bxf7+
Nxf7 15. Bxh8 Qh4+ 16. g3 Qxh8 17. Qxg4 Qe5+ 18. Qe2 Rb8 19. Qxe5 Nxe5 20.
O-O-O Nc4 21. b3 Bh6+ 22. Kb1 e5 23. h3 e4 24. Ne2 Nd2+ 25. Kb2 Nf3 26. c3 Ba6
27. Nd4 Nxd4 28. Rxd4 Be3 29. Rdd1 Bf2 30. g4 e3 31. h4 e2 32. Rc1 Kf7 0-1

[Event "Xtracon Chess Open 2016"]
[Site "Elsinore"]
[Date "2016.07.30"]
[Round "9.10"]
[White "Vorobiov, Evgeny E"]
[Black "Thybo, Jesper Sondergaard"]
[Result "1-0"]
[WhiteElo "2584"]
[BlackElo "2385"]
[PlyCount "57"]
[EventDate "2016.07.23"]

1. e4 e5 2. Nf3 Nc6 3. Nc3 Nf6 4. Bb5 Bb4 5. O-O O-O 6. d3 Bxc3 7. bxc3 d6 8.
Bg5 Bd7 9. Rb1 a6 10. Ba4 b5 11. Bb3 Na5 12. d4 Nxb3 13. cxb3 Bc6 14. Re1 Re8
15. Rb2 Qe7 16. Rbe2 h6 17. Bh4 Bb7 18. Qc1 c5 19. h3 Rec8 20. dxe5 dxe5 21.
Bg3 Nd7 22. Rd2 Rd8 23. Nh4 Nf8 24. Nf5 Qc7 25. Bh4 Rxd2 26. Qxd2 Ng6 27. Bf6
Bc8 28. Bxg7 Bxf5 29. Qxh6 1-0

[Event "Xtracon Chess Open 2016"]
[Site "Elsinore"]
[Date "2016.07.30"]
[Round "9.11"]
[White "Marin, Mihail"]
[Black "Sowray, Peter J"]
[Result "1-0"]
[WhiteElo "2576"]
[BlackElo "2348"]
[PlyCount "69"]
[EventDate "2016.07.23"]

1. d4 d5 2. c4 dxc4 3. e3 e5 4. Bxc4 exd4 5. exd4 Bd6 6. Nc3 Nf6 7. Nf3 O-O 8.
O-O Nc6 9. h3 h6 10. Be3 Bf5 11. Nh4 Bh7 12. Qf3 Be7 13. Rad1 Ne8 14. Nf5 Bxf5
15. Qxf5 Nd6 16. Qd3 Nxc4 17. Qxc4 Qd7 18. d5 Ne5 19. Qb3 Bd6 20. f4 Ng6 21. f5
Rae8 22. Bc1 Ne5 23. Ne4 f6 24. Qxb7 Qa4 25. Nc3 Qh4 26. Qxa7 Ng4 27. Bf4 Re3
28. Bxe3 Qg3 29. hxg4 Qh2+ 30. Kf2 Re8 31. Ke2 Qxg2+ 32. Rf2 Qxg4+ 33. Kd2 Qb4
34. Kc1 Bg3 35. Rfd2 1-0

[Event "Xtracon Chess Open 2016"]
[Site "Elsinore"]
[Date "2016.07.30"]
[Round "9.13"]
[White "Zude, Erik"]
[Black "Svane, Rasmus"]
[Result "0-1"]
[WhiteElo "2403"]
[BlackElo "2549"]
[PlyCount "88"]
[EventDate "2016.07.23"]

1. c4 e6 2. Nf3 d5 3. g3 dxc4 4. Qa4+ Bd7 5. Qxc4 c5 6. Bg2 Bc6 7. O-O Nf6 8.
d3 Nbd7 9. Qc2 Be7 10. e4 O-O 11. Bf4 Rc8 12. Nbd2 Bb5 13. Rfd1 Nb8 14. Nc4 Nc6
15. Rac1 Ba6 16. Qe2 Re8 17. h3 Nd7 18. h4 Bf8 19. Bg5 Qc7 20. Bf4 e5 21. Bd2
Nb6 22. Ne3 Rcd8 23. Bc3 Qd7 24. Ne1 Nd4 25. Qf1 Qa4 26. Ra1 Qc6 27. Rac1 Qa4
28. Ra1 c4 29. b3 cxb3 30. axb3 Qxb3 31. Ba5 Qe6 32. Rab1 Bc5 33. Rdc1 Qd6 34.
Nd5 Rc8 35. Bh3 Rc6 36. Ne3 Nd7 37. Bd2 Nf6 38. Kh1 Nxe4 39. dxe4 Bxf1 40. Bxf1
Bb6 41. Rd1 Qg6 42. Bg2 Ne2 43. Nd3 Rd6 44. Bb4 Bxe3 0-1

[Event "Xtracon Chess Open 2016"]
[Site "Elsinore"]
[Date "2016.07.30"]
[Round "9.14"]
[White "Dauth, Benjamin"]
[Black "Delorme, Axel"]
[Result "0-1"]
[WhiteElo "2367"]
[BlackElo "2514"]
[PlyCount "82"]
[EventDate "2016.07.23"]

1. e4 e5 2. Nf3 Nc6 3. Bc4 Bc5 4. c3 Nf6 5. d3 O-O 6. O-O d5 7. exd5 Nxd5 8. d4
exd4 9. Nxd4 Bxd4 10. cxd4 Nb6 11. Bd3 Qxd4 12. Qc2 Qh4 13. a3 Nd4 14. Qxc7 Nb3
15. Ra2 Be6 16. Be3 Nd5 17. Qe5 Nxe3 18. fxe3 Nc1 19. Rxc1 Bxa2 20. Nc3 Rfe8
21. Qb5 Rxe3 22. Bf1 Qd4 23. Kh1 Be6 24. Qxb7 Rf8 25. Rd1 Qb6 26. Qxb6 axb6 27.
Kg1 Rb8 28. Kf2 Re5 29. Be2 Kf8 30. Bf3 Ke7 31. Ne2 Rd8 32. Nd4 Bd5 33. Rd3
Bxf3 34. Kxf3 Rd6 35. Kf4 f6 36. h4 Kd7 37. g4 h5 38. g5 Red5 39. gxf6 Rxd4+
40. Rxd4 Rxd4+ 41. Kg5 gxf6+ 0-1

[Event "Xtracon Chess Open 2016"]
[Site "Elsinore"]
[Date "2016.07.30"]
[Round "9.15"]
[White "Schroeder, Jan-Christian"]
[Black "McPhillips, Joseph"]
[Result "1/2-1/2"]
[WhiteElo "2507"]
[BlackElo "2341"]
[PlyCount "81"]
[EventDate "2016.07.23"]

1. e4 e6 2. d4 d5 3. Nd2 Nf6 4. e5 Nfd7 5. Bd3 c5 6. c3 Nc6 7. Ne2 cxd4 8. cxd4
Qb6 9. Nf3 Qb4+ 10. Kf1 f6 11. Nf4 Ndxe5 12. dxe5 fxe5 13. Bd2 Qb6 14. Nxe5
Nxe5 15. Qh5+ Nf7 16. Re1 Be7 17. Bxh7 Qb5+ 18. Re2 Bd7 19. Ng6 d4 20. Ne5 g6
21. Qxg6 Rxh7 22. Qxh7 Nxe5 23. Qh8+ Kf7 24. Qxe5 Bf6 25. Qe4 Rg8 26. b3 e5 27.
f3 Rg7 28. g4 Kg8 29. h4 Bc6 30. Qf5 Rf7 31. Qc8+ Rf8 32. Qe6+ Kh8 33. Rh3 Bg7
34. Ke1 Bxf3 35. Rf2 Qd3 36. Rhxf3 Rxf3 37. Qe8+ Kh7 38. Qh5+ Kg8 39. Qe8+ Kh7
40. Qh5+ Kg8 41. Qe8+ 1/2-1/2

[Event "Xtracon Chess Open 2016"]
[Site "Elsinore"]
[Date "2016.07.30"]
[Round "9.16"]
[White "Wadsworth, Matthew J"]
[Black "Ringoir, Tanguy"]
[Result "1/2-1/2"]
[WhiteElo "2325"]
[BlackElo "2474"]
[PlyCount "54"]
[EventDate "2016.07.23"]

1. c4 e6 2. g3 Nf6 3. Bg2 d5 4. Nf3 Be7 5. O-O O-O 6. b3 c5 7. Bb2 Nc6 8. e3 d4
9. exd4 cxd4 10. Re1 Ne8 11. Ne5 Nxe5 12. Rxe5 f6 13. Re1 e5 14. Ba3 Nc7 15.
Bxe7 Qxe7 16. d3 Ne6 17. Nd2 Kh8 18. Qe2 a5 19. h4 Ra6 20. Kh2 Qc7 21. Rab1 Bd7
22. Ne4 Bc6 23. a3 Bxe4 24. Bxe4 Nc5 25. Bg2 Re6 26. b4 axb4 27. axb4 Na4
1/2-1/2

[Event "Xtracon Chess Open 2016"]
[Site "Elsinore"]
[Date "2016.07.30"]
[Round "9.17"]
[White "Carlstedt, Jonathan"]
[Black "Johansen, Paul"]
[Result "1-0"]
[WhiteElo "2457"]
[BlackElo "2077"]
[PlyCount "145"]
[EventDate "2016.07.23"]

1. d4 Nf6 2. c4 e6 3. Nf3 d5 4. Nc3 Be7 5. cxd5 exd5 6. Qc2 O-O 7. Bg5 Nc6 8.
a3 h6 9. Bf4 Bg4 10. e3 Re8 11. O-O-O Bd6 12. Bxd6 Qxd6 13. h3 Bxf3 14. gxf3 a6
15. Ne2 Ne7 16. Nf4 Rec8 17. Kb1 c5 18. dxc5 Rxc5 19. Qb3 Rc6 20. Bd3 Rb6 21.
Qc3 Rc8 22. Qd4 Qd8 23. Rhg1 Nc6 24. Qa4 Qe7 25. Rc1 Rd8 26. Rg2 Qe5 27. Qc2
Kh8 28. Bg6 Qe7 29. Rcg1 Qxa3 30. Bxf7 g5 31. Nd3 Ne7 32. Rc1 Rc8 33. Qd2 Rxc1+
34. Nxc1 Kg7 35. Be6 Qa4 36. Bg4 Qb5 37. f4 Ne4 38. Qd4+ Kg6 39. f3 Rc6 40.
fxe4 Rxc1+ 41. Kxc1 Qf1+ 42. Bd1 Qxg2 43. Qe5 Qxh3 44. exd5 Qd7 45. f5+ Nxf5
46. Bc2 g4 47. d6 g3 48. Qxg3+ Kf6 49. Qf4 Qxd6 50. Qxf5+ Ke7 51. Qh7+ Kd8 52.
Qd3 Kc7 53. Qxd6+ Kxd6 54. Bd1 Ke5 55. Bf3 b6 56. Kd2 a5 57. Kd3 b5 58. Kc3 Kd6
59. Kd4 a4 60. Bd1 Kc6 61. e4 Kd6 62. e5+ Kc6 63. Bh5 Kd7 64. Kc5 Ke6 65. Kxb5
Kxe5 66. Kxa4 Kd6 67. Kb5 Kc7 68. Ka6 Kb8 69. b3 Ka8 70. b4 Kb8 71. b5 Ka8 72.
b6 Kb8 73. b7 1-0

[Event "Xtracon Chess Open 2016"]
[Site "Elsinore"]
[Date "2016.07.30"]
[Round "9.18"]
[White "Tarjan, James E"]
[Black "Rewitz, Poul"]
[Result "1-0"]
[WhiteElo "2447"]
[BlackElo "2202"]
[PlyCount "81"]
[EventDate "2016.07.23"]

1. e4 c6 2. d4 d5 3. exd5 cxd5 4. c4 Nf6 5. Nc3 Nc6 6. Bg5 e6 7. cxd5 exd5 8.
Nf3 Be7 9. Bb5 O-O 10. Bxc6 bxc6 11. O-O Bg4 12. h3 Bh5 13. g4 Bg6 14. Ne5 Rc8
15. Rc1 Re8 16. Re1 Nd7 17. Nxc6 Rxc6 18. Bxe7 Qc8 19. Nxd5 Be4 20. Rxc6 Qxc6
21. Rxe4 Qxd5 22. Re1 h5 23. Bb4 Rxe1+ 24. Bxe1 Ne5 25. f4 Nf3+ 26. Kf2 Nh4 27.
Kg3 Ng2 28. Bd2 h4+ 29. Kf2 g5 30. fxg5 Qxd4+ 31. Kxg2 Qd5+ 32. Kf2 Qd4+ 33.
Ke2 Qc4+ 34. Ke1 Qe4+ 35. Qe2 Qh1+ 36. Qf1 Qe4+ 37. Kd1 a5 38. Qf5 Qh1+ 39. Kc2
a4 40. Qc8+ Kh7 41. g6+ 1-0

[Event "Xtracon Chess Open 2016"]
[Site "Elsinore"]
[Date "2016.07.30"]
[Round "9.19"]
[White "Fressinet, Laurent"]
[Black "Buchal, Stephan"]
[Result "1-0"]
[WhiteElo "2677"]
[BlackElo "2338"]
[PlyCount "69"]
[EventDate "2016.07.23"]

1. e4 g6 2. d4 Bg7 3. Nc3 d6 4. Be3 a6 5. Nf3 b5 6. Bd3 Nd7 7. e5 Bb7 8. e6
fxe6 9. Ng5 Nf8 10. O-O Nf6 11. Re1 Qd7 12. Bd2 h6 13. Nf3 Rb8 14. Qe2 Kf7 15.
a4 b4 16. Nd1 a5 17. Ne3 Bd5 18. c3 g5 19. h3 Bxf3 20. Qxf3 h5 21. Qe2 Bh6 22.
Nc4 bxc3 23. bxc3 g4 24. Bxh6 Rxh6 25. Qd2 Kg7 26. h4 N6h7 27. Nxa5 Ra8 28. Bb5
Qc8 29. Nc6 Qe8 30. g3 Qf7 31. a5 Rf6 32. a6 Nd7 33. a7 Nb6 34. Nb8 Qf8 35. Nd7
1-0

[Event "Xtracon Chess Open 2016"]
[Site "Elsinore"]
[Date "2016.07.30"]
[Round "9.20"]
[White "Gretarsson, Hjorvar Steinn"]
[Black "Flick, Antoine"]
[Result "1/2-1/2"]
[WhiteElo "2550"]
[BlackElo "2318"]
[PlyCount "108"]
[EventDate "2016.07.23"]

1. c4 c6 2. Nf3 Nf6 3. Nc3 d5 4. e3 e6 5. b3 Be7 6. Bb2 Nbd7 7. Qc2 b6 8. Rg1
Bb7 9. g4 c5 10. g5 Ne4 11. Be2 O-O 12. h4 Re8 13. cxd5 exd5 14. h5 Nxg5 15.
Nxg5 Bxg5 16. Nb5 Bf6 17. Nd6 Bc6 18. Nxe8 Qxe8 19. Bxf6 Nxf6 20. Qf5 Qe6 21.
Qxe6 fxe6 22. d4 Be8 23. Rh1 Rc8 24. Rc1 Kf8 25. Bf3 Ke7 26. Kd2 Kd6 27. Rh4
Rc7 28. Rg1 Rb7 29. h6 g6 30. e4 cxd4 31. exd5 e5 32. Be4 Bf7 33. Bd3 Re7 34.
Rc1 Bxd5 35. Rc8 g5 36. Rh2 e4 37. Be2 Ke5 38. Rf8 Kf5 39. Rh3 Kg6 40. Rd8 Rc7
41. Bd1 Kf5 42. Bc2 g4 43. Rh5+ Nxh5 44. Rxd5+ Kg6 45. Rd6+ Kg5 46. Bxe4 Nf6
47. Bd3 Ng8 48. Rxd4 Nxh6 49. a4 Ng8 50. Rd5+ Kh4 51. b4 Ne7 52. Rd4 h5 53. f3
Kg5 54. fxg4 hxg4 1/2-1/2

[Event "Xtracon Chess Open 2016"]
[Site "Elsinore"]
[Date "2016.07.30"]
[Round "9.21"]
[White "Kovachev, Daniel Jacobsen"]
[Black "Schandorff, Lars"]
[Result "0-1"]
[WhiteElo "2315"]
[BlackElo "2521"]
[PlyCount "80"]
[EventDate "2016.07.23"]

1. Nf3 d5 2. g3 c6 3. Bg2 Bf5 4. O-O e6 5. d3 Nf6 6. c4 h6 7. Qb3 Qb6 8. Bd2
Nbd7 9. cxd5 exd5 10. Qc2 Be7 11. Nc3 O-O 12. e4 Bh7 13. Be3 Qa6 14. Rad1 Rfe8
15. Bc1 Bf8 16. Rfe1 Nc5 17. Nd4 Rad8 18. Kh1 Qb6 19. f3 dxe4 20. dxe4 Ncxe4
21. fxe4 Rxd4 22. Rxd4 Qxd4 23. Be3 Nxe4 24. Nxe4 Qxe4 25. Qf2 Qc2 26. Qxc2
Bxc2 27. Bf2 Rxe1+ 28. Bxe1 f5 29. Bf2 a5 30. Kg1 a4 31. a3 g5 32. Bd4 Bg7 33.
Bc3 Bxc3 34. bxc3 Kf7 35. Kf2 Ke6 36. Ke3 Ke5 37. Bh3 Bb3 38. Bf1 b5 39. Be2
f4+ 40. Kf2 Bc4 0-1